000 00603nam a2200229Ia 4500
003 OSt
005 20220918175513.0
006 a|||||r|||| 00| 0
007 ta
008 220917b |||||||| |||| 00| 0 eng d
024 _a17,652
037 _cTextual
040 _aARTS
_cARTS
_beng
041 _2eng
_aeng
082 _aR13, J4-;1
100 _aRangachari M V V K
_954218
245 0 _aGround work in dialectics
_b how thought and things ever derive
260 _c1954
650 _aPHILOSOPHY
942 _hR13, J4-;1
_cTEXL
_2CC
999 _c157825
_d157825